| 000 | 00662nam a2200217Ii 4500 | ||
|---|---|---|---|
| 003 | JO-AjNU | ||
| 008 | 230605s9999||||xx |||||||||||||| ||und|| | ||
| 017 | _a1985/3/143 | ||
| 040 |
_aJO-AjNU _bara _erda _cJO-AjNU |
||
| 041 | _aara | ||
| 050 | 1 | 4 | _aPJ7862.H87.A17 1987 |
| 100 | 3 |
_aشبيل، غسان سرور, _eauthor _935623 |
|
| 245 | 0 | 0 | _aغربة وليالي سفر |
| 250 | _aط1 | ||
| 264 | 3 | 1 | _aعمان: الدار العربية للتوزيع والنشر، 1987 |
| 300 | _a168ص | ||
| 336 |
_atext _btxt _2rdacontent |
||
| 337 |
_aunmediated _bn _2rdamedia |
||
| 338 |
_avolume _bnc _2rdacarrier |
||
| 650 | 4 |
_aالشعر العربي _935624 |
|
| 999 |
_aA14725 _c18293 _d18293 |
||